Osmancık : (Record no. 25675)
| 000 -BAŞLIK | |
|---|---|
| Sabit Uzunluktaki Kontrol Alanı | 01695nam a22003257a 4500 |
| 001 - KONTROL NUMARASI | |
| Control Dosyası | 0025728 |
| 003 - KONTROL NUMARASI KİMLİĞİ | |
| Kontrol Alanı | KOHA_MİRAKIL |
| 005 - EN SON İŞLEM TARİHİ ve ZAMANI | |
| Kontrol Alanı | 20260207002509.0 |
| 007 - FİZİKSEL TANIM SABİT ALAN - GENEL BİLGİ | |
| Sabit uzunluklu kontrol alanı | ta |
| 008 - SABİT UZUNLUKTAKİ VERİ ÖGELERİ - GENEL BİLGİ | |
| Sabit Alan | 101112b2010 tu |||gr||||#0|||1|tur | |
| 020 ## - ISBN - ULUSLARARASI STANDART KİTAP NUMARASI | |
| Isbn | 9789754370799 |
| Kullanılabilirlik koşulları | 10,01 |
| 040 ## - KATALOGLAMA KAYNAĞI | |
| Özgün Kataloglama Kurumu | TR-BiSEU |
| Kataloglama Dili | tur |
| Çeviri Kurumu | TR-BiSEU |
| Açıklama Kuralları | rda |
| 041 0# - DİL KODU | |
| Metin ya da ses kaydının dil kodu | tur |
| 044 ## - YAYINLAYAN/ÜRETEN KURULUŞUN ÜLKE KODU | |
| ISO country code | tu |
| 050 ## - SINIFLAMA ve YER NUMARASI | |
| Sınıflama Numarası | PL248.O86 |
| Yer Numarası | B84 2010 |
| 100 0# - KİŞİ ADI | |
| Yazar Adı (Kişi adı) | Buğra,Tarık. |
| 245 1# - ESER ADI BİLDİRİMİ | |
| Başlık | Osmancık : |
| Alt Eseradı vb. | Cihan Devletinin Kuran İrade, Şuur ve Karakter / |
| Sorumluluk Bildirimi | Buğra,Tarık ; Tarık Buğra. |
| 264 #1 - ÜRERİM, YAYIN, DAĞITIM ve TELİF BİLDİRİMİ | |
| Yayın yeri | İstanbul : |
| Yayınlayan | Ötüken |
| Yayın tarihi | 2010 |
| 300 ## - FİZİKSEL TANIMLAMA | |
| Sayfa, Cilt vb. | 356 sayfa; 22 cm. |
| 336 ## - İÇERİK TÜRÜ | |
| Content type term | metin |
| Content type code | txt |
| Source | rdacontent |
| 337 ## - MEDYA TÜRÜ | |
| Media type term | aracısız |
| Media type code | n |
| Source | rdamedia |
| 338 ## - TAŞIYICI TÜRÜ | |
| Carrier type term | cilt |
| Carrier type code | nc |
| Source | rdacarrier |
| 490 1# - DİZİ BİLDİRİMİ | |
| Dizi Bildirimi | Edebi Eserler;89 |
| 505 ## - İÇİNDEKİLER NOTU | |
| İçindekiler Notu | "Osmanlı'nın sırrı nedir" sorusunun cevabını arayan yazarın Osmanlı kuruluş döneminin dinamiklerini ve felsefesini bugünkü dille inşa ettiği romandır. Duvarları süsleyen "Ey Osmancık; beğsin. Bundan sonra öfke bize, uysallık sana; güceniklik bize, gönül alma sana; suçlama bizde, katlanma sende; bundan böyle, yanılgı bize, hoş görmek sana; aciz bize, yardım sana; geçimsizlikler, uyuşmazlıklar, anlaşmazlıklar, çatışmalar bize, adalet sana; kötü göz bize, şom ağız bize, haksız yorum bize, bağışlama sana. Ey Osmancık bundan böyle, bölmek bize, bütünlemek sana; üşengenlik bize, gayret sana; uyuşukluk bize, rahat bize, uyarmak şevklendirmek, gayretlendirmek sana" gibi sözler bu kitabın eseridir. |
| 650 #0 - KONU BAŞLIĞI EK GİRİŞ - KONU TERİMİ | |
| Konusal terim veya coğrafi ad | Türk edebiyatı--Roman. |
| 9 (RLIN) | 3222 |
| 650 #0 - KONU BAŞLIĞI EK GİRİŞ - KONU TERİMİ | |
| Konusal terim veya coğrafi ad | Turkish literature--Fiction. |
| 9 (RLIN) | 3223 |
| 830 1# - SERİ EK GİRİŞİ - TEKBİÇİM ESER ADI | |
| Tekbiçim Başlık | Edebi Eserler;89 |
| 9 (RLIN) | 51587 |
| 907 ## - LOCAL DATA ELEMENT G, LDG (RLIN) | |
| a | Roman |
| 942 ## - EK GİRİŞ ÖGELERİ (KOHA) | |
| Source of classification or shelving scheme | Library of Congress Classification |
| Koha item type | Book |
| 505 ## - İÇİNDEKİLER NOTU | |
| -- | |
| Materyal Türü | Kalıcı Konum | Mevcut Konum | Sınıflandırma Kaynağı | Edinim Bilgisi | Ana Konular | Alt Konular | Yer Numarası | Demirbaş Numarası | Fatura Tarihi | Maliyet, Alış Fiyatı | Maliyet, Yenileme Fiyatı | Geri Çekilme Durumu | Kayıp Durumu | Hasarlı Durumu | Kredi için değil | Kayıt Tarih | Toplam Ödünçverme | Son Görülme Tarihi | Son Kontrol Tarihi |
|---|---|---|---|---|---|---|---|---|---|---|---|---|---|---|---|---|---|---|---|
| Book | BŞEÜ Osmaneli MYO Kütüphanesi | BŞEÜ Osmaneli MYO Kütüphanesi | Library of Congress Classification | Satın | DİL VE EDEBİYAT | Doğu Asya, Afrika, Okyanusya Dilleri ve Edebiyatları | PL248.O86 B84 2010 | 0025728 | 15/12/2010 | 10.81 | 10.81 | 12/11/2010 | 1 | 05/12/2024 | 05/12/2024 |
